Business tenancy (Record no. 69386)
[ view plain ]
| 000 -LEADER | |
|---|---|
| fixed length control field | 01514cam a2200241 4500 |
| 001 - CONTROL NUMBER | |
| control field | WB3804-11 |
| 008 - FIXED-LENGTH DATA ELEMENTS--GENERAL INFORMATION | |
| fixed length control field | 020130n2002 000 0 eng u |
| 035 ## - SYSTEM CONTROL NUMBER | |
| System control number | (Sirsi) u116530 |
| 245 ## - TITLE STATEMENT | |
| Title | Business tenancy |
| 260 ## - PUBLICATION, DISTRIBUTION, ETC. | |
| Date of publication, distribution, etc. | 2002 |
| 490 ## - SERIES STATEMENT | |
| Series statement | Estates Gazette Case Summaries |
| Volume/sequential designation | [2002] 04 EG 174 (CS) (26 January 2002) |
| 520 ## - SUMMARY, ETC. | |
| Summary, etc. | CA 17 January 2002. "Ambrose v Kaye". The appellant (A) held a business tenancy of premises. When the tenant's lease expired, the landlord (K) tried to terminate the tenancy under the Landlord and Tenant Act 1954 Part II. A issued proceedings to apply for a new tenancy pursuant to s24(1) of the Act. The landlord opposed the application as he intended to occupy the premises himself. A preliminary hearing revealed the tenant A contended that K did not have a controlling interest in the company. K's wife transferred to him the majority of the shares in the company and K sought an adjournment to produce evidence of his controlling interest. The judge granted permission. At the later hearing, he found that K's objection to the grant of a new tenancy had been established. The tenant appealed. "Held", appeal dismissed. |
| 590 ## - LOCAL NOTE (RLIN) | |
| Local note | WB |
| 650 ## - SUBJECT ADDED ENTRY--TOPICAL TERM | |
| Topical term or geographic name entry element | BUSINESS TENANCIES |
| 650 ## - SUBJECT ADDED ENTRY--TOPICAL TERM | |
| Topical term or geographic name entry element | INTEREST |
| 650 ## - SUBJECT ADDED ENTRY--TOPICAL TERM | |
| Topical term or geographic name entry element | LANDLORD AND TENANT ACT 1954 PART II |
| 650 ## - SUBJECT ADDED ENTRY--TOPICAL TERM | |
| Topical term or geographic name entry element | LANDLORD AND TENANT ACT 1954 S24(1) |
| 650 ## - SUBJECT ADDED ENTRY--TOPICAL TERM | |
| Topical term or geographic name entry element | LANDLORD AND TENANT ACT 1954 S30(1) |
| 650 ## - SUBJECT ADDED ENTRY--TOPICAL TERM | |
| Topical term or geographic name entry element | RENEWAL OF LEASE |
| 650 ## - SUBJECT ADDED ENTRY--TOPICAL TERM | |
| Topical term or geographic name entry element | AMBROSE V KAYE |
| 690 ## - LOCAL SUBJECT ADDED ENTRY--TOPICAL TERM (OCLC, RLIN) | |
| Topical term or geographic name as entry element | LANDLORD AND TENANT-LEASES-CASE LAW |
| 942 ## - ADDED ENTRY ELEMENTS (KOHA) | |
| Suppress in OPAC | 0 |
| Withdrawn status | Lost status | Source of classification or shelving scheme | Damaged status | Not for loan | Home library | Current library | Shelving location | Date acquired | Total Checkouts | Full call number | Barcode | Date last seen | Copy number | Price effective from | Koha item type |
|---|---|---|---|---|---|---|---|---|---|---|---|---|---|---|---|
| Dewey Decimal Classification | London | London | News article | 30/01/2002 | WB3804-11 | 116530-1001 | 06/08/2019 | 1 | 06/08/2019 | News article |